La otra educación: filosofía para niños y la comunidad de indagación

Saved in:
Bibliographic Details
Main Authors: Splitter, Laurance J (Author), Sharp, Ann M (Author)
Format: Book
Language:Spanish
Published: Buenos Aires Manantial 1996
Edition:1a. ed
Subjects:
Tags: Add Tag
No Tags, Be the first to tag this record!

MARC

LEADER 00000cam a2200000 a 4500
001 UCP4870
003 CL-VaPUC
008 990821e19960000AG |||||||||||||||||spa|d
020 |a 9875000035 
082 0 4 |a 370.1  |b SPL  |2 21 
100 0 |a Splitter, Laurance J  |e author  |9 432822 
700 0 |a Sharp, Ann M  |e author  |9 432823 
245 1 3 |a La otra educación: filosofía para niños y la comunidad de indagación 
250 |a 1a. ed 
300 |a 349 p 
942 |c BK 
945 |d 19990821 00:00:00  |a rbrito 
260 |a Buenos Aires  |b Manantial  |c 1996 
650 0 |a Filosofía de la educación   |9 258384 
650 0 |a Enseñanza de la filosofía   |9 256848 
650 0 |a Educación básica   |9 224933 
650 0 |a Ética  |9 255099 
650 0 |a Valores sociales  |9 309627 
583 |a last modification  |c 20121019 10:54:35  |k Rodrigo Vera 
999 |c 282764  |d 282762 
952 |0 0  |1 0  |4 0  |6 370_100000000000000_SPL_1996  |7 0  |8 A  |9 325134  |a BIBEDU  |b BIBEDU  |d 2019-11-20  |i 3549569  |o 370.1 SPL 1996  |p 3549569  |r 2019-11-20  |w 2019-11-20  |y BK  |k EPE 
952 |0 0  |1 0  |4 0  |6 370_100000000000000_SPL_1996  |7 0  |8 A  |9 325135  |a BIBEDU  |b BIBEDU  |d 2019-11-20  |i 4715756  |o 370.1 SPL 1996  |p 4715756  |r 2019-11-20  |w 2019-11-20  |y BK  |k FIL 
952 |0 0  |1 0  |4 0  |6 370_100000000000000_SPL_1996  |7 0  |8 A  |9 325136  |a BIBEDU  |b BIBEDU  |d 2019-11-20  |i 4756630  |l 2  |o 370.1 SPL 1996  |p 4756630  |r 2023-01-24  |s 2023-01-03  |w 2019-11-20  |y BK  |k EPE 
952 |0 0  |1 0  |4 0  |6 370_100000000000000_SPL_1996  |7 0  |8 A  |9 325137  |a BIBEDU  |b BIBEDU  |d 2019-11-20  |i 4884450  |o 370.1 SPL 1996  |p 4884450  |r 2019-11-20  |w 2019-11-20  |y BK  |k FIL 
952 |0 0  |1 0  |4 0  |6 370_100000000000000_SPL_1996  |7 0  |8 A  |9 325138  |a BIBEDU  |b BIBEDU  |d 2019-11-20  |i 4916786  |o 370.1 SPL 1996  |p 4916786  |r 2019-11-20  |w 2019-11-20  |y BK  |k EPE 
952 |0 0  |1 0  |4 0  |6 370_100000000000000_SPL_1996  |7 0  |8 A  |9 325139  |a BIBEDU  |b BIBEDU  |d 2019-11-20  |i 4951204  |o 370.1 SPL 1996  |p 4951204  |r 2019-11-20  |w 2019-11-20  |y BK  |k PAR